[Event "St Martin op"]
[Site "St Martin"]
[Date "1993.??.??"]
[Round "2"]
[White "Burger, Karl"]
[Black "Ehlvest, Jaan"]
[Result "0-1"]
[WhiteElo "2330"]
[BlackElo "2625"]
[PlyCount "56"]
[EventDate "1993.05.??"]
[EventType "swiss"]
[EventRounds "9"]
[EventCountry "FRA"]
[SourceTitle "TD"]
[Source "ChessBase"]
[SourceDate "1994.03.01"]
[SourceVersion "1"]
[SourceVersionDate "1994.03.01"]
[SourceQuality "1"]

1. d4 e6 2. c4 b6 3. Nc3 Bb4 4. e4 Bb7 5. Bd3 f5 6. Qh5+ g6 7. Qe2 Nf6 8. f3 Nc6 9. Be3 fxe4 10. fxe4 e5 11. d5 Nd4 12. Qd1 Nxe4 13. Bxe4 Qh4+ 14. Kf1 Bxc3 15. bxc3 Qxe4 16. Bxd4 exd4 17. Qxd4 0-0+ 18. Nf3 Rae8 19. Kf2 Qe2+ 20. Kg3 Re4 21. Rhe1 Rxd4 22. Rxe2 Rxc4 23. Re7 Bxd5 24. Rxd7 Bxf3 25. gxf3 Rxc3 26. Rf1 Rf7 27. Rd8+ Kg7 28. Rf2 a5 0-1

[Event "World op 20th"]
[Site "Philadelphia"]
[Date "1992.??.??"]
[Round "3"]
[White "Fink, Stanley"]
[Black "Burger, Karl"]
[Result "0-1"]
[WhiteElo "2270"]
[BlackElo "2330"]
[PlyCount "60"]
[EventDate "1992.06.??"]
[EventType "swiss"]
[EventRounds "9"]
[EventCountry "USA"]
[SourceTitle "TD"]
[Source "ChessBase"]
[SourceDate "1994.03.01"]
[SourceVersion "1"]
[SourceVersionDate "1994.03.01"]
[SourceQuality "1"]

1. d4 Nf6 2. c4 g6 3. Nc3 Bg7 4. e4 d6 5. f3 0-0 6. Bg5 h6 7. Be3 c5 8. d5 e6 9. Qd2 exd5 10. cxd5 Re8 11. Be2 h5 12. h4 a6 13. a4 Nbd7 14. Nh3 Ne5 15. Ng5 Bd7 16. a5 b5 17. axb6 Qxb6 18. Kf2 a5 19. g4 hxg4 20. f4 Nf3 21. Nxf3 gxf3 22. Bxf3 Ng4+ 23. Bxg4 Bxg4 24. h5 gxh5 25. f5 Rab8 26. Rab1 Qb4 27. Kg2 Bxc3 28. bxc3 Qxe4+ 29. Kh2 Rxb1 30. Rxb1 Qxb1 0-1

[Event "St Martin op"]
[Site "St Martin"]
[Date "1992.??.??"]
[Round "9"]
[White "Sokolov, Andrei"]
[Black "Burger, Karl"]
[Result "1-0"]
[WhiteElo "2565"]
[BlackElo "2330"]
[PlyCount "79"]
[EventDate "1992.??.??"]
[EventType "swiss"]
[EventRounds "9"]
[EventCountry "FRA"]
[SourceTitle "TD"]
[Source "ChessBase"]
[SourceDate "1994.03.01"]
[SourceVersion "1"]
[SourceVersionDate "1994.03.01"]
[SourceQuality "1"]

1. e4 c5 2. Nf3 Nc6 3. d4 cxd4 4. Nxd4 Nf6 5. Nc3 e5 6. Ndb5 d6 7. Bg5 a6 8. Na3 Be6 9. Nc4 Rc8 10. Ne3 Be7 11. Bxf6 Bxf6 12. Ncd5 Bg5 13. c3 Ne7 14. Nxe7 Qxe7 15. Nd5 Bxd5 16. Qxd5 Rc5 17. Qb3 Qc7 18. Qa4+ Ke7 19. Bd3 Rxc3 20. bxc3 Qxc3+ 21. Ke2 Qd2+ 22. Kf1 Qxd3+ 23. Kg1 Rc8 24. h4 Bc1 25. Rh3 Qc4 26. Qxc4 Rxc4 27. a4 b5 28. axb5 axb5 29. Rf3 Ke6 30. Ra7 Bh6 31. Rfxf7 Rxe4 32. g3 b4 33. Rfb7 Rg4 34. Kf1 Kd5 35. Ra6 Rd4 36. f4 Ke4 37. fxe5 dxe5 38. Ke2 Bd2 39. Rxg7 h6 40. Rg4+ 1-0

[Event "World op 18th"]
[Site "Philadelphia"]
[Date "1990.??.??"]
[Round "6"]
[White "Bonin, Jay R"]
[Black "Burger, Karl"]
[Result "1-0"]
[WhiteElo "2385"]
[BlackElo "2345"]
[PlyCount "45"]
[EventDate "1990.06.??"]
[EventType "swiss"]
[EventRounds "9"]
[EventCountry "USA"]
[SourceTitle "EXT 1997"]
[Source "ChessBase"]
[SourceDate "1996.11.15"]
[SourceVersion "1"]
[SourceVersionDate "1996.11.15"]
[SourceQuality "1"]

1. Nf3 Nf6 2. c4 g6 3. d4 Bg7 4. Nc3 d5 5. cxd5 Nxd5 6. e4 Nxc3 7. bxc3 0-0 8. Rb1 c5 9. Be2 Nc6 10. d5 Ne5 11. Nxe5 Bxe5 12. Qd2 e6 13. f4 Bg7 14. c4 e5 15. 0-0 Qd6 16. f5 b6 17. Rf3 Bd7 18. Rg3 Be8 19. Bg4 f6 20. fxg6 Bxg6 21. Be6+ Kh8 22. Rxg6 hxg6 23. Qd3 1-0

[Event "New York op"]
[Site "New York"]
[Date "1990.??.??"]
[Round "3"]
[White "Burger, Karl"]
[Black "Valvo, Michael Joseph"]
[Result "1/2-1/2"]
[WhiteElo "2345"]
[BlackElo "2385"]
[PlyCount "99"]
[EventDate "1990.04.??"]
[EventType "swiss"]
[EventRounds "9"]
[EventCountry "USA"]
[SourceTitle "CBM 016 Extra"]
[Source "ChessBase"]
[SourceDate "1990.07.01"]
[SourceVersion "1"]
[SourceVersionDate "1990.07.01"]
[SourceQuality "1"]

1. d4 d5 2. c4 e6 3. Nf3 c5 4. cxd5 exd5 5. g3 Nf6 6. Bg2 Be7 7. Nc3 Nc6 8. 0-0 0-0 9. Bg5 cxd4 10. Nxd4 Re8 11. Rc1 h6 12. Be3 Bg4 13. h3 Be6 14. Nxc6 bxc6 15. Na4 Qd7 16. Kh2 Bf5 17. Nc5 Bxc5 18. Bxc5 Ne4 19. e3 Nxc5 20. Rxc5 Be4 21. Bxe4 Rxe4 22. Qc2 Rb8 23. b3 Rb6 24. Rc1 Re6 25. Qd3 h5 26. Kg2 g6 27. a3 Re4 28. b4 h4 29. g4 Re6 30. R5c4 Qb7 31. Rc5 Qe7 32. Qd4 Qb7 33. R1c2 Qe7 34. Qc3 Qb7 35. Qd4 Qd7 36. Qf4 Qe7 37. Qd4 Qd7 38. Rc1 Qb7 39. Kg1 Qd7 40. R1c2 Qb7 41. Qf4 Qd7 42. Qg5 Ra6 43. b5 Rb6 44. bxc6 Rbxc6 45. Rxd5 Qxd5 46. Qxd5 Rxc2 47. Qa8+ Kg7 48. Qxa7 Rd6 49. Qe7 Rf6 50. Qe5 1/2-1/2

[Event "New York op"]
[Site "New York"]
[Date "1990.??.??"]
[Round "7"]
[White "Saidy, Anthony Fred"]
[Black "Burger, Karl"]
[Result "1-0"]
[WhiteElo "2380"]
[BlackElo "2345"]
[PlyCount "115"]
[EventDate "1990.04.??"]
[EventType "swiss"]
[EventRounds "9"]
[EventCountry "USA"]
[SourceTitle "CBM 016 Extra"]
[Source "ChessBase"]
[SourceDate "1990.07.01"]
[SourceVersion "1"]
[SourceVersionDate "1990.07.01"]
[SourceQuality "1"]

1. d4 Nf6 2. c4 e6 3. Nc3 d5 4. Bg5 Be7 5. cxd5 exd5 6. e3 Nbd7 7. Bd3 Nf8 8. Nge2 Ne6 9. Bh4 c6 10. f3 0-0 11. Qc2 g6 12. g4 b6 13. 0-0-0 Bb7 14. Kb1 Re8 15. h3 a6 16. Rhf1 c5 17. dxc5 bxc5 18. Bc4 Qc8 19. Bxf6 dxc4 20. Bxe7 Rxe7 21. Nd5 Bxd5 22. Rxd5 Rb7 23. Qxc4 Qb8 24. Qc2 Qh2 25. Nf4 Qxc2+ 26. Kxc2 Rab8 27. Rb1 Nxf4 28. exf4 Re7 29. Rbd1 Rb4 30. f5 gxf5 31. gxf5 Kg7 32. R1d2 Re3 33. Rxc5 Rxf3 34. Rc6 Rxf5 35. Rxa6 Rf3 36. Rg2+ Kf8 37. Rh6 Ra4 38. a3 Rc4+ 39. Kb1 Re4 40. Rxh7 Re1+ 41. Ka2 Rh1 42. h4 Rf4 43. h5 Rf5 44. h6 Ke7 45. Rc2 Rf3 46. Rc7+ Ke6 47. Rg7 Rh2 48. h7 Rff2 49. Rb7 Rf3 50. Rb8 Rfh3 51. Rf8 f5 52. Rg6+ Ke5 53. Rgf6 Rxh7 54. Rxf5+ Kd4 55. Rf2 R2h6 56. R2f7 Rxf7 57. Rxf7 Kc4 58. b3+ 1-0

[Event "Midwest Masters op"]
[Site "Chicago"]
[Date "1989.??.??"]
[Round "3"]
[White "Brooks, Michael A"]
[Black "Burger, Karl"]
[Result "1-0"]
[WhiteElo "2385"]
[BlackElo "2315"]
[PlyCount "63"]
[EventDate "1989.??.??"]
[EventType "swiss"]
[EventRounds "6"]
[EventCountry "USA"]
[SourceTitle "EXT 1999"]
[Source "ChessBase"]
[SourceDate "1998.11.16"]
[SourceVersion "1"]
[SourceVersionDate "1998.11.16"]
[SourceQuality "1"]

1. e4 c6 2. d4 d5 3. Nc3 dxe4 4. Nxe4 Nd7 5. Bc4 Ngf6 6. Nxf6+ Nxf6 7. Qd3 e6 8. Nf3 Be7 9. Bf4 0-0 10. h4 b5 11. Bb3 a6 12. 0-0-0 c5 13. c4 Bb7 14. Be5 bxc4 15. Bxc4 Ne4 16. Qe2 Rc8 17. Kb1 Qb6 18. Ka1 f6 19. dxc5 Bxc5 20. Bd4 Rfe8 21. h5 h6 22. a3 Bd5 23. Ba2 Rcd8 24. Bb1 Bxd4 25. Nxd4 Qb7 26. Rhe1 Nd6 27. f3 Rb8 28. Rd2 Nc4 29. Rc2 Na5 30. Rc3 e5 31. b4 exd4 32. Qxe8+ 1-0

[Event "New York op"]
[Site "New York"]
[Date "1989.??.??"]
[Round "5"]
[White "Henao, Raul Fernando"]
[Black "Burger, Karl"]
[Result "1/2-1/2"]
[WhiteElo "2420"]
[BlackElo "2315"]
[PlyCount "119"]
[EventDate "1989.03.??"]
[EventType "swiss"]
[EventRounds "9"]
[EventCountry "USA"]
[SourceTitle "CBM 012"]
[Source "ChessBase"]
[SourceDate "1989.10.01"]
[SourceVersion "1"]
[SourceVersionDate "1989.10.01"]
[SourceQuality "1"]

1. e4 c5 2. Nf3 e6 3. d3 d5 4. Nbd2 Nc6 5. g3 g6 6. Bg2 Bg7 7. 0-0 Nge7 8. Re1 0-0 9. c3 b6 10. exd5 exd5 11. Nb3 h6 12. d4 c4 13. Nbd2 Be6 14. Nf1 Qd7 15. h4 Rfe8 16. Bf4 Rad8 17. Qd2 Nf5 18. Re2 Kh7 19. Ne5 Nxe5 20. Bxe5 f6 21. Bf4 h5 22. Rae1 Nh6 23. Ne3 Bf7 24. Qc2 Ng4 25. Bh3 Be6 26. Bxg4 Bxg4 27. Nxg4 hxg4 28. h5 f5 29. Bg5 Rxe2 30. Qxe2 Rf8 31. Qe6 Qxe6 32. Rxe6 gxh5 33. Rd6 Re8 34. Kf1 Bf8 35. Rxd5 Kg6 36. Bf4 Re6 37. Rd8 Bh6 38. d5 Rf6 39. Be5 Rf7 40. d6 Bg5 41. Rg8+ Kh6 42. a4 Rd7 43. Rc8 Kg6 44. Rc7 Rf7 45. Rxc4 h4 46. gxh4 Bxh4 47. Rd4 Rd7 48. b4 Bf6 49. Bxf6 Kxf6 50. Kg2 Ke5 51. Kg3 a6 52. Rd3 b5 53. axb5 axb5 54. Re3+ Kxd6 55. Kf4 Rc7 56. Kxf5 Rf7+ 57. Kxg4 Rxf2 58. Rf3 Rc2 59. Rd3+ Kc6 60. Kf3 1/2-1/2

[Event "Saint John op-2"]
[Site "Saint John"]
[Date "1988.??.??"]
[Round "?"]
[White "Gligoric, Svetozar"]
[Black "Burger, Karl"]
[Result "1/2-1/2"]
[WhiteElo "2515"]
[BlackElo "2320"]
[PlyCount "96"]
[EventDate "1988.02.08"]
[EventType "swiss"]
[EventRounds "9"]
[EventCountry "CAN"]
[SourceTitle "CBM 006"]
[Source "ChessBase"]
[SourceDate "1988.10.01"]
[SourceVersion "1"]
[SourceVersionDate "1988.10.01"]
[SourceQuality "1"]

1. d4 d5 2. Nf3 Nf6 3. c4 e6 4. Nc3 Be7 5. Bg5 0-0 6. e3 h6 7. Bh4 b6 8. Be2 Bb7 9. Bxf6 Bxf6 10. cxd5 exd5 11. 0-0 c5 12. dxc5 Bxc3 13. bxc3 bxc5 14. Rb1 Qc7 15. Qb3 Bc6 16. c4 dxc4 17. Qxc4 Nd7 18. Qc3 Rab8 19. Nd2 Rxb1 20. Rxb1 Rb8 21. Rc1 Bd5 22. a3 Qb7 23. f3 Qb2 24. Kf2 Qxc3 25. Rxc3 Rb2 26. Ke1 Kf8 27. Bd3 Ke7 28. Kd1 Rb8 29. Bf5 Be6 30. Bxe6 Kxe6 31. Kc2 f5 32. e4 g6 33. Re3 f4 34. Rb3 g5 35. Rxb8 Nxb8 36. Kb3 a6 37. Nc4 Nc6 38. Kc3 h5 39. h3 h4 40. Nb2 Kd6 41. Nd3 Na5 42. Nf2 Ke5 43. Ng4+ Ke6 44. Kd3 Ke7 45. Ne5 Ke6 46. Nc4 Nc6 47. Nb2 Kd6 48. Kc3 Ke7 1/2-1/2

[Event "New York International-A"]
[Site "New York"]
[Date "1988.??.??"]
[Round "?"]
[White "Lein, Anatoly"]
[Black "Burger, Karl"]
[Result "1/2-1/2"]
[WhiteElo "2475"]
[BlackElo "2320"]
[PlyCount "64"]
[EventDate "1988.03.21"]
[EventType "swiss"]
[EventRounds "11"]
[EventCountry "USA"]
[SourceTitle "CBM 008"]
[Source "ChessBase"]
[SourceDate "1989.02.01"]
[SourceVersion "1"]
[SourceVersionDate "1989.02.01"]
[SourceQuality "1"]

1. e4 d6 2. d4 Nf6 3. Bd3 g6 4. Ne2 Bg7 5. 0-0 0-0 6. c3 c5 7. f3 Nc6 8. Be3 cxd4 9. cxd4 Nb4 10. Nbc3 Nxd3 11. Qxd3 e6 12. Rfc1 Bd7 13. b4 a6 14. a4 Qe7 15. b5 Rfc8 16. Rcb1 a5 17. Bg5 h6 18. Bh4 g5 19. Bf2 Be8 20. Nd1 d5 21. Ne3 dxe4 22. fxe4 Nd7 23. Nc4 f6 24. Bg3 e5 25. Ne3 Bg6 26. Nf5 Bxf5 27. exf5 e4 28. Qb3+ Qf7 29. Nc3 Rc4 30. Re1 Re8 31. Rad1 e3 32. Rd3 Bf8 1/2-1/2

[Event "New York op"]
[Site "New York"]
[Date "1987.??.??"]
[Round "?"]
[White "Burger, Karl"]
[Black "Dimitrijevic, Darko"]
[Result "1-0"]
[WhiteElo "2310"]
[BlackElo "2325"]
[PlyCount "81"]
[EventDate "1987.??.??"]
[EventType "swiss"]
[EventRounds "11"]
[EventCountry "USA"]
[SourceTitle "CBM 002"]
[Source "ChessBase"]
[SourceDate "1988.02.01"]
[SourceVersion "1"]
[SourceVersionDate "1988.02.01"]
[SourceQuality "1"]

1. Nf3 e6 2. c4 Nf6 3. d4 b6 4. g3 Ba6 5. b3 d5 6. Bg2 dxc4 7. Ne5 Bb4+ 8. Kf1 c6 9. bxc4 0-0 10. Bb2 Bb7 11. Nd3 Be7 12. Nd2 Nbd7 13. Bf3 Qc7 14. e4 Rad8 15. Kg2 c5 16. e5 Ng4 17. h3 Ndxe5 18. hxg4 Nxf3 19. Nxf3 cxd4 20. Qe2 Qxc4 21. Rac1 Qd5 22. Rc7 Bd6 23. Rxb7 Qxb7 24. Bxd4 Rfe8 25. Qe3 Qd5 26. Bxg7 Kxg7 27. Rh5 Bf4 28. Nxf4 Qc6 29. Nh3 e5 30. Rg5+ Kf8 31. Rxe5 Rxe5 32. Qxe5 Qd5 33. Qh8+ Ke7 34. Qxh7 Qxa2 35. Nf4 Qc4 36. Qf5 Rd6 37. Qe5+ Kd7 38. Qf5+ Ke7 39. Ne5 Rf6 40. Qd7+ Kf8 41. Nxc4 1-0

[Event "New York op"]
[Site "New York"]
[Date "1987.??.??"]
[Round "?"]
[White "Burger, Karl"]
[Black "Fishbein, Alexander"]
[Result "1/2-1/2"]
[WhiteElo "2310"]
[BlackElo "2410"]
[PlyCount "120"]
[EventDate "1987.??.??"]
[EventType "swiss"]
[EventRounds "11"]
[EventCountry "USA"]
[SourceTitle "CBM 002"]
[Source "ChessBase"]
[SourceDate "1988.02.01"]
[SourceVersion "1"]
[SourceVersionDate "1988.02.01"]
[SourceQuality "1"]

1. Nf3 Nf6 2. c4 c5 3. Nc3 b6 4. g3 Bb7 5. Bg2 g6 6. 0-0 Bg7 7. d4 cxd4 8. Nxd4 Bxg2 9. Kxg2 0-0 10. e4 d6 11. b3 a6 12. Bb2 Qc8 13. Qe2 Qb7 14. f3 Nbd7 15. Rfd1 Rac8 16. Rac1 Ne5 17. Qe3 Rfd8 18. h3 e6 19. Rc2 Re8 20. f4 Ned7 21. Nf3 e5 22. Rxd6 exf4 23. gxf4 b5 24. e5 b4 25. Ne2 Nc5 26. Ng3 Nfd7 27. Kh2 Bf8 28. Rd1 f6 29. Re2 Bg7 30. Ne4 Nxe4 31. Qxe4 Qxe4 32. Rxe4 Nc5 33. Ree1 f5 34. Rd5 a5 35. h4 a4 36. Re3 axb3 37. axb3 Ne6 38. Kg3 Ra8 39. Ng5 Ra2 40. Nxe6 Rxe6 41. Re2 Bf8 42. Rd1 Be7 43. Rh1 h6 44. Kf3 Kf7 45. Bd4 Rea6 46. e6+ Ke8 47. Rxa2 Rxa2 48. h5 g5 49. fxg5 Bxg5 50. Ra1 Ra3 51. Rb1 Ra6 52. Bc5 Rxe6 53. Bxb4 Re3+ 54. Kf2 f4 55. Bd6 Bh4+ 56. Kg1 f3 57. Rf1 Rxb3 58. Bf4 Rc3 59. Bh2 f2+ 60. Kg2 Rxc4 1/2-1/2

[Event "New York op"]
[Site "New York"]
[Date "1987.??.??"]
[Round "?"]
[White "Taylor, Timothy"]
[Black "Burger, Karl"]
[Result "1-0"]
[WhiteElo "2455"]
[BlackElo "2310"]
[PlyCount "119"]
[EventDate "1987.??.??"]
[EventType "swiss"]
[EventRounds "11"]
[EventCountry "USA"]
[SourceTitle "CBM 002"]
[Source "ChessBase"]
[SourceDate "1988.02.01"]
[SourceVersion "1"]
[SourceVersionDate "1988.02.01"]
[SourceQuality "1"]

1. e4 c5 2. c3 d5 3. exd5 Qxd5 4. d4 e6 5. Nf3 Nf6 6. Nbd2 cxd4 7. Bc4 Qd8 8. Nxd4 a6 9. a4 Qc7 10. Qe2 Be7 11. N2f3 0-0 12. 0-0 Nc6 13. Nxc6 bxc6 14. Bg5 a5 15. Rfd1 Rb8 16. Ne5 Rxb2 17. Qxb2 Qxe5 18. Bh4 Qh5 19. Rd4 c5 20. Be2 Qh6 21. Bxf6 Qxf6 22. Rd3 e5 23. Re3 Bd7 24. Qb3 Bc6 25. Qb6 e4 26. Bb5 Bd5 27. Qxf6 Bxf6 28. Rd1 Ba8 29. Rd7 Bg5 30. Rh3 f5 31. Kf1 f4 32. Bc4+ Kh8 33. Bd5 Bf6 34. c4 h6 35. Rb3 Bd4 36. Bxa8 Rxa8 37. Rbb7 e3 38. fxe3 fxe3 39. Ke2 Kg8 40. Rf7 Re8 41. Rf5 Kh7 42. Rb5 Kg6 43. g4 Ra8 44. h4 Kh7 45. h5 Kg8 46. Rfxc5 Bxc5 47. Rxc5 Re8 48. Rxa5 Re4 49. Rc5 Rxg4 50. Kxe3 g6 51. hxg6 Rxg6 52. a5 Kf7 53. Re5 Rg3+ 54. Kd4 Ra3 55. Rb5 Ke7 56. Kc5 Ra4 57. Kb6 Rxc4 58. a6 Kd6 59. a7 Ra4 60. Kb7 1-0

[Event "Reykjavik op"]
[Site "Reykjavik"]
[Date "1986.??.??"]
[Round "1"]
[White "Burger, Karl"]
[Black "Petursson, Margeir"]
[Result "1-0"]
[WhiteElo "2290"]
[BlackElo "2520"]
[PlyCount "87"]
[EventDate "1986.02.??"]
[EventType "swiss"]
[EventRounds "11"]
[EventCountry "ISL"]
[SourceTitle "EXT 2000"]
[Source "ChessBase"]
[SourceDate "1999.11.16"]
[SourceVersion "1"]
[SourceVersionDate "1999.11.16"]
[SourceQuality "1"]

1. d4 Nf6 2. Nf3 e6 3. c4 b6 4. g3 Ba6 5. b3 d5 6. Bg2 dxc4 7. Ne5 Bb4+ 8. Kf1 Bd6 9. Nxc4 Nd5 10. e4 Ne7 11. Bb2 Nbc6 12. Nbd2 0-0 13. Kg1 b5 14. Ne3 f5 15. exf5 exf5 16. a3 Qe8 17. f4 Rd8 18. b4 Kh8 19. Kf2 Bb7 20. Re1 a5 21. d5 Nb8 22. Nb3 a4 23. Qd4 Qf7 24. Na5 Ba8 25. Rad1 Nd7 26. Qd3 Rb8 27. Kg1 Nb6 28. Nc6 Bxc6 29. dxc6 Rbd8 30. Qxb5 Qb3 31. Qe2 Rfe8 32. Nxf5 Ng6 33. Qxe8+ Rxe8 34. Rxe8+ Bf8 35. Rdd8 Kg8 36. Bxg7 Kf7 37. Bxf8 Qb1+ 38. Bf1 Qxf5 39. Bc5 Qc2 40. Re2 Qc3 41. f5 Ne5 42. Re3 Qa1 43. Bd4 Qc1 44. Rxe5 1-0